MARC details
| 000 -CABECERA |
| campo de control de longitud fija |
00822nam a2200205 a 4500 |
| 001 - NÚMERO DE CONTROL |
| campo de control |
000044001 |
| 005 - FECHA Y HORA DE LA ÚLTIMA TRANSACCIÓN |
| campo de control |
20201002045102.0 |
| 008 - DATOS DE LONGITUD FIJA--INFORMACIÓN GENERAL |
| campo de control de longitud fija |
140513s1996 sp ad 000 0 spa d |
| 020 ## - NÚMERO INTERNACIONAL ESTÁNDAR DEL LIBRO |
| Número Internacional Estándar del Libro |
8420694568 |
| 040 ## - FUENTE DE LA CATALOGACIÓN |
| Centro catalogador/agencia de origen |
DO-SdBNP |
| Lengua de catalogación |
spa |
| Centro/agencia transcriptor |
BNPHU |
| 245 10 - MENCIÓN DE TÍTULO |
| Título |
Entre dos siglos : |
| Resto del título |
reflexiones sobre la democracia española / |
| Mención de responsabilidad, etc. |
O. Alzaga ... [et al.] ; J. Tusell, E. Lamo de Espinosa y R. Pardo, eds. |
| 260 ## - PUBLICACIÓN, DISTRIBUCIÓN, ETC. |
| Lugar de publicación, distribución, etc. |
Madrid : |
| Nombre del editor, distribuidor, etc. |
Fundación Ortega y Gasset : |
| -- |
Fundación BBV, |
| Fecha de publicación, distribución, etc. |
1996. |
| 300 ## - DESCRIPCIÓN FÍSICA |
| Extensión |
634 p. : |
| Otras características físicas |
il., grád. ; |
| Dimensiones |
23 cm. |
| 504 ## - NOTA DE BIBLIOGRAFÍA, ETC. |
| Nota de bibliografía, etc. |
Bibliografía : p. 630 |
| 700 12 - PUNTO DE ACCESO ADICIONAL--NOMBRE DE PERSONA |
| Nombre de persona |
Tusell, Javier, |
| Fechas asociadas al nombre |
1945-2005 |
| Término indicativo de función/relación |
ed. |
| 9 (RLIN) |
59345 |
| 700 12 - PUNTO DE ACCESO ADICIONAL--NOMBRE DE PERSONA |
| Nombre de persona |
Lamo de Espinosa, Emilio, |
| Fechas asociadas al nombre |
1946- |
| Término indicativo de función/relación |
ed. |
| 9 (RLIN) |
71961 |
| 700 12 - PUNTO DE ACCESO ADICIONAL--NOMBRE DE PERSONA |
| Nombre de persona |
Pardo, Rafael, |
| Término indicativo de función/relación |
ed. |
| 9 (RLIN) |
71962 |
| 700 12 - PUNTO DE ACCESO ADICIONAL--NOMBRE DE PERSONA |
| Nombre de persona |
Alzaga Villaamil, Óscar |
| 9 (RLIN) |
71963 |
| 710 2# - PUNTO DE ACCESO ADICIONAL--NOMBRE DE ENTIDAD CORPORATIVA |
| Nombre de entidad corporativa o nombre de jurisdicción como elemento de entrada |
Fundación José Ortega y Gasset: Fundación BBV |
| 9 (RLIN) |
71964 |